|
|
|
|
| LEADER |
00911nam a2200205 a 4500 |
| 008 |
090517s1992 enk b 001 0 eng d |
| 020 |
|
|
|a 9053831932
|
| 082 |
0 |
4 |
|a 630.92
|2 19
|
| 245 |
|
|
|a Biotechnology and farmer's rights :
|b opportunities and threats for small scale farmers in developing countries /
|c Hans Bruwer, Erik M.Stokhof and Joske F.G. Bunders.
|
| 260 |
|
|
|a Amesterdam :
|b VU University Press,
|c 1992.
|
| 300 |
|
|
|a 122 p. ;
|c 24 cm.
|
| 500 |
|
|
|a Includes indexes.
|
| 541 |
1 |
|
|e 00003556
|
| 650 |
0 |
|
|a Farmers
|z Developing Countries
|
| 700 |
1 |
|
|a Brouwer, Hans.
|
| 700 |
1 |
|
|a Stokhof Erik M.
|
| 700 |
1 |
|
|a Bunders Joske F.G..
|
| 852 |
4 |
|
|a Ayesha Abed Library
|j Generalshelf
|
| 999 |
|
|
|c 749
|d 749
|
| 952 |
|
|
|0 0
|1 0
|2 ddc
|4 0
|6 630_920000000000000_BIO_1992
|7 0
|9 691
|a BRACUL
|b BRACUL
|c GEN
|d 2009-05-17
|g 0.00
|l 0
|o 630.92 BIO
|p 3010011525
|r 2009-05-17
|t 1
|w 2009-05-17
|y BK
|x No price found in the accession register.
|